[Event "ch-FRA Blitz Online Qual"]
[Site "Europe-Chess INT"]
[Date "2020.05.16"]
[Round "4"]
[White "Quere, Alexandre"]
[Black "Inventar, Alexandre"]
[Result "1-0"]
[WhiteElo "2022"]
[BlackElo "1437"]
[WhiteFideId "631086"]
[BlackFideId "36054100"]
[EventDate "2020.05.16"]

1. Nf3 d6 2. d4 Nd7 3. c4 Ngf6 4. Nc3 e5 5. e4 Be7 6. Bg5 c6 7. Be2 Qc7 8. O-O
O-O 9. d5 Nc5 10. Nd2 a6 11. b4 Ncd7 12. Rc1 Re8 13. Nb3 Nf8 14. c5 cxd5 15.
Bxf6 Bxf6 16. Nxd5 Qd8 17. cxd6 Qxd6 18. Nc7 Qxd1 19. Rfxd1 Be6 20. Nxa8 Rxa8
21. Bc4 Bg4 22. f3 Bh5 23. Bd5 Rb8 24. Rc7 b6 25. Rdc1 h6 26. Ra7 Bg5 27. Rcc7
Be3+ 28. Kf1 a5 29. Bxf7+ Bxf7 30. Rxf7 Ne6 31. Ke2 Bg1 32. bxa5 bxa5 33. Rfe7
Nd4+ 34. Kf1 Be3 35. Rxg7+ Kf8 36. Rh7 Nxb3 37. Rh8# 1-0

[Event "ch-FRA Blitz Online Qual"]
[Site "Europe-Chess INT"]
[Date "2020.05.16"]
[Round "4"]
[White "Blachon, Pascal"]
[Black "Stajkovski, Stefan"]
[Result "1-0"]
[WhiteElo "1955"]
[BlackElo "1428"]
[WhiteFideId "636320"]
[BlackFideId "551053250"]
[EventDate "2020.05.16"]

1. e4 c5 2. Nf3 Nc6 3. Bb5 g6 4. Bxc6 dxc6 5. O-O Bg7 6. h3 e5 7. d3 Ne7 8. b3
Be6 9. Bb2 Qc7 10. Nbd2 O-O-O 11. Ng5 Qd6 12. Nxe6 Qxe6 13. Nc4 b6 14. a4 Kc7
15. Qe2 Rhe8 16. f4 f6 17. Kh1 Nc8 18. Qf2 a5 19. Bc3 Nd6 20. Nxa5 exf4 21. Qxf4
Ra8 22. Nc4 Rf8 23. Rad1 Rad8 24. d4 cxd4 25. Bxd4 c5 26. Bg1 g5 27. Qg3 Rd7 28.
Bh2 Rfd8 29. Rd5 Qxe4 30. Rxd6 Rxd6 31. Nxd6 Qe2 32. Re1 Qxc2 33. Nb5+ Kb7 34.
Qc7+ Ka8 35. Qa7# 1-0

[Event "ch-FRA Blitz Online Qual"]
[Site "Europe-Chess INT"]
[Date "2020.05.16"]
[Round "4"]
[White "Berthaut, Alexandre"]
[Black "Vanneste, Axel"]
[Result "1-0"]
[WhiteElo "1924"]
[BlackElo "1413"]
[WhiteFideId "26080192"]
[BlackFideId "36020192"]
[EventDate "2020.05.16"]

1. e4 e5 2. Nf3 Nc6 3. Bc4 Nf6 4. Ng5 Bc5 5. Nxf7 Bxf2+ 6. Kxf2 Nxe4+ 7. Kg1 Qh4
8. g3 Nxg3 9. Nxh8 Nxh1 10. d3 d5 11. Bxd5 Qd4+ 12. Be3 Qxd5 13. Qh5+ g6 14.
Qxh7 Nd4 15. Qxg6+ Ke7 16. Bg5+ Kd7 17. Nc3 Nf3+ 18. Kxh1 Nh4+ 19. Nxd5 Nxg6 20.
Nxg6 Kd6 21. Ne3 Bd7 22. Nc4+ Kd5 23. Ngxe5 Bb5 24. Re1 Rg8 25. Bf4 Re8 26. Ne3+
Kc5 27. c4 Kd4 28. cxb5 Rxe5 29. Bxe5+ Kxe5 30. Nc4+ Kd5 31. a4 Kc5 32. Re5+ Kd4
33. Re7 Kxd3 34. Rxc7 Kd4 35. Rxb7 Kxc4 36. Rxa7 Kb4 37. b6 Kc5 38. b7 Kc6 39.
b8=Q Kd5 40. Rd7+ Kc4 41. Qb5# 1-0

[Event "ch-FRA Blitz Online Qual"]
[Site "Europe-Chess INT"]
[Date "2020.05.16"]
[Round "4"]
[White "Percheron, Andre"]
[Black "Gilles, Francois"]
[Result "1-0"]
[WhiteElo "1846"]
[BlackElo "1637"]
[WhiteFideId "20607091"]
[BlackFideId "654663"]
[EventDate "2020.05.16"]

1. Nf3 d5 2. c4 dxc4 3. e3 Nf6 4. Bxc4 e6 5. O-O c5 6. Nc3 Nc6 7. e4 Be7 8. e5
Nd7 9. Re1 O-O 10. d4 cxd4 11. Nb5 a6 12. Nbxd4 Nxd4 13. Qxd4 b5 14. Bb3 Bb7 15.
Qg4 g6 16. Bh6 Re8 17. Rad1 Bf8 18. Bg5 Be7 19. Bxe6 fxe6 20. Qxe6+ Kh8 21. Rxd7
Bxg5 22. Rxd8 1-0

[Event "ch-FRA Blitz Online Qual"]
[Site "Europe-Chess INT"]
[Date "2020.05.16"]
[Round "4"]
[White "Kollar, Guillaume"]
[Black "Gerandi, Guillaume"]
[Result "0-1"]
[WhiteElo "1439"]
[BlackElo "1876"]
[WhiteFideId "36001732"]
[BlackFideId "20648359"]
[EventDate "2020.05.16"]

1. e4 c5 2. Nf3 Nc6 3. d4 cxd4 4. Nxd4 g6 5. Be3 Bg7 6. Nc3 Nf6 7. Qd2 Ng4 8.
Nxc6 bxc6 9. Bd4 Bxd4 10. Qxd4 O-O 11. f3 Nf6 12. e5 Ne8 13. Bd3 Rb8 14. b3 d6
15. exd6 exd6 16. h4 c5 17. Qa4 Qf6 18. Kd2 Bf5 19. Ne4 Bxe4 20. Bxe4 Rb4 21.
Qxa7 Rd4+ 22. Ke3 d5 23. Bd3 Qf4+ 24. Ke2 c4 25. bxc4 dxc4 0-1

[Event "ch-FRA Blitz Online Qual"]
[Site "Europe-Chess INT"]
[Date "2020.05.16"]
[Round "4"]
[White "Ludwiczak, Virginie"]
[Black "Richard, Maxime"]
[Result "1-0"]
[WhiteElo "1875"]
[BlackElo "1436"]
[WhiteFideId "20655592"]
[BlackFideId "20643411"]
[EventDate "2020.05.16"]

1. c4 e5 2. Nc3 d6 3. g3 Be7 4. Bg2 f5 5. d3 Be6 6. Bxb7 Nd7 7. Bxa8 Qxa8 8. f3
Ngf6 9. Bd2 h5 10. Nh3 h4 11. Ng5 Nc5 12. b4 hxg3 13. h3 g2 14. Rg1 Nxd3+ 15.
exd3 Bd7 16. Qe2 Nh5 17. Qxg2 Bxg5 18. Bxg5 Bc6 19. Rf1 Qb7 20. b5 Bd7 21. Rg1
Qb6 22. Qf2 Qa5 23. Qd2 O-O 24. h4 Qb6 25. O-O-O a5 26. Nd5 Qc5 27. Be3 Qa3+ 28.
Qb2 Qa4 29. Nc3 Qb4 30. Qxb4 axb4 31. Nd5 c6 32. bxc6 Bxc6 33. Ne7+ Kh8 34. Nxc6
Ra8 35. Kb2 b3 36. axb3 f4 37. Bd2 Ng3 38. Bb4 Rc8 39. Ne7 Re8 40. Bxd6 Ne2 41.
Rg5 Nd4 42. Rh5# 1-0

[Event "ch-FRA Blitz Online Qual"]
[Site "Europe-Chess INT"]
[Date "2020.05.16"]
[Round "4"]
[White "Naillou, Thomas"]
[Black "Toussaint, Florent"]
[Result "0-1"]
[WhiteElo "2072"]
[BlackElo "1391"]
[WhiteFideId "36009741"]
[BlackFideId "36088730"]
[EventDate "2020.05.16"]

1. e4 e5 2. Nf3 Nc6 3. Bc4 Nf6 4. Ng5 Bc5 5. Nxf7 Bxf2+ 6. Kf1 Qe7 7. Nxh8 d5 8.
d3 dxc4 9. Kxf2 Ng4+ 10. Ke1 cxd3 11. cxd3 Bd7 12. Nc3 O-O-O 13. Qe2 Rxh8 14.
Be3 Nxe3 15. Qxe3 Rf8 16. Kd2 Nd4 17. Rhf1 Rd8 18. Rf2 Be8 19. Nd5 Qd7 20. Rf8
c6 21. Nc3 Ne6 22. Rf3 Nf4 23. g3 Ne6 24. Raf1 Qd6 25. h4 Bh5 26. Rf5 Bg4 27.
Rf7 Bh5 28. Ne2 Bxf7 29. Rxf7 Qb4+ 30. Kc2 Qa4+ 31. Kc1 Qxa2 32. Nc3 Qa1+ 33.
Kc2 Qh1 34. Qxa7 Qh2+ 35. Kb3 Nc7 36. Qb6 Rd7 37. Rxd7 Kxd7 38. Qxb7 Qxg3 39.
Kc4 Qxh4 40. Na4 Qe7 41. Nc5+ Kd6 42. Qb4 Qf7+ 43. Kc3 Ke7 44. Nb7+ Kd7 45. Qd6+
Kc8 46. Nc5 Nb5+ 47. Kd2 Nxd6 48. b4 Qa7 49. Kc3 Qa3+ 50. Nb3 Nb5+ 51. Kc4 Qa2
52. d4 exd4 53. e5 Kd7 54. e6+ Kxe6 55. Kc5 Qxb3 56. Kb6 d3 57. Kc5 d2 58. Kb6
d1=Q 59. Kb7 Qd7+ 60. Kb8 Qc7+ 61. Ka8 Qa4# 0-1

[Event "ch-FRA Blitz Online Qual"]
[Site "Europe-Chess INT"]
[Date "2020.05.16"]
[Round "4"]
[White "Ghazaryan, Gor"]
[Black "Martinez Martinez, Mateo"]
[Result "0-1"]
[WhiteElo "1431"]
[BlackElo "1917"]
[WhiteFideId "45137595"]
[BlackFideId "36055140"]
[EventDate "2020.05.16"]

1. e4 c5 2. Nf3 d6 3. Nc3 Nf6 4. d4 cxd4 5. Nxd4 a6 6. Be3 e5 7. Nf3 Qc7 8. Bd3
Be7 9. Qd2 h6 10. h3 Be6 11. Nh4 Nxe4 12. Bxe4 Bxh4 13. Nd5 Bxd5 14. Qxd5 Nc6
15. O-O-O Be7 16. Qb3 O-O 17. g4 Rac8 18. Rd2 Na5 19. Qa4 b5 20. Qa3 d5 21. Qd3
dxe4 22. Qxe4 Nc4 23. Rd3 Nxe3 24. Rc3 Nc4 25. b3 Ba3+ 26. Kd1 Nb2+ 27. Ke2 Qxc3
28. g5 Qxc2+ 29. Ke3 Bc5+ 30. Kf3 Qxe4+ 31. Kxe4 hxg5 32. h4 0-1

[Event "ch-FRA Blitz Online Qual"]
[Site "Europe-Chess INT"]
[Date "2020.05.16"]
[Round "4"]
[White "Giblin, Martin"]
[Black "Demarche, Laurent"]
[Result "0-1"]
[WhiteElo "1428"]
[BlackElo "1835"]
[WhiteFideId "45187053"]
[BlackFideId "609757"]
[EventDate "2020.05.16"]

1. f4 Nf6 2. Nf3 g6 3. g3 Bg7 4. Bg2 O-O 5. O-O d6 6. d3 Nbd7 7. Nbd2 Re8 8. e4
e5 9. fxe5 dxe5 10. b3 c6 11. Bb2 Qb6+ 12. Kh1 Ng4 13. Qe1 Ne3 14. Nc4 Nxc4 15.
dxc4 Nc5 16. Rd1 a5 17. Ng5 f6 18. Nf3 Ne6 19. Qf2 Qxf2 20. Rxf2 Bf8 21. Nd2 Be7
22. Rdf1 Kg7 23. Nf3 a4 24. Nxe5 fxe5 25. Bxe5+ Kg8 26. Bh3 Bf8 27. Bxe6+ Bxe6
28. Rf6 axb3 29. cxb3 Bg7 0-1

[Event "ch-FRA Blitz Online Qual"]
[Site "Europe-Chess INT"]
[Date "2020.05.16"]
[Round "4"]
[White "Chevillon, Celia"]
[Black "Sallette, Alain"]
[Result "0-1"]
[WhiteElo "1433"]
[BlackElo "1831"]
[WhiteFideId "45107459"]
[BlackFideId "626570"]
[EventDate "2020.05.16"]

1. e4 e5 2. Nf3 Nc6 3. Bc4 Nf6 4. d3 Bc5 5. c3 O-O 6. Be3 Bxe3 7. fxe3 d6 8.
Nbd2 Bg4 9. h3 Bh5 10. Qc2 Na5 11. Bb3 Nxb3 12. Nxb3 Re8 13. O-O-O d5 14. exd5
Nxd5 15. Qe2 c5 16. e4 Nf4 17. Qd2 Qc7 18. Rdf1 Rad8 19. Qe3 Nxd3+ 20. Kb1 c4
21. Nc1 Nc5 22. g4 Bg6 23. Nd2 b5 24. h4 h6 25. h5 Bh7 26. Rfg1 Qb6 27. g5 Nxe4
28. Qxb6 axb6 29. Nxe4 Bxe4+ 30. Ka1 Bxh1 31. Rxh1 Rd2 32. gxh6 gxh6 33. Rg1+
Kh7 34. Kb1 f5 35. b3 e4 36. Rf1 Re5 37. bxc4 bxc4 38. a3 e3 39. Re1 f4 40. Ne2
f3 41. Nd4 f2 42. Rf1 e2 43. Rxf2 e1=Q# 0-1

[Event "ch-FRA Blitz Online Qual"]
[Site "Europe-Chess INT"]
[Date "2020.05.16"]
[Round "4"]
[White "Eric Andriana, Fitia"]
[Black "Hassler, Tim"]
[Result "0-1"]
[WhiteElo "1401"]
[BlackElo "1933"]
[WhiteFideId "36094366"]
[BlackFideId "36052566"]
[EventDate "2020.05.16"]

1. e4 e6 2. d3 d5 3. Nd2 c5 4. g3 Nc6 5. Bg2 Nf6 6. Ngf3 b6 7. O-O Be7 8. Re1
Bb7 9. e5 Nd7 10. Nf1 Qc7 11. Bf4 h6 12. Qd2 O-O-O 13. a4 g5 14. Be3 d4 15. Bxd4
cxd4 16. Rec1 g4 17. Nh4 Ndxe5 18. c4 Bxh4 19. gxh4 Ng6 20. h5 Nh4 21. Bh1 Na5
22. Qc2 Bxh1 23. Kxh1 Qb7+ 24. Kg1 Qg2# 0-1

[Event "ch-FRA Blitz Online Qual"]
[Site "Europe-Chess INT"]
[Date "2020.05.16"]
[Round "4"]
[White "Daunay, Gabriel"]
[Black "Mouret, Paul"]
[Result "1-0"]
[WhiteElo "1701"]
[BlackElo "1748"]
[WhiteFideId "45103321"]
[BlackFideId "36059170"]
[EventDate "2020.05.16"]

1. e4 d5 2. exd5 Nf6 3. d4 Nxd5 4. Nf3 Nb6 5. c4 c5 6. d5 e6 7. Nc3 Be7 8. Bf4
exd5 9. Nxd5 Nxd5 10. Qxd5 Nc6 11. Qxd8+ Bxd8 12. Bd3 Nb4 13. Be4 O-O 14. O-O
Be6 15. Bxb7 Rb8 16. Bxb8 Bb6 17. Bg3 Bxc4 18. Rfc1 Be6 19. a3 Nd5 20. Bd6 Rd8
21. Bxc5 Bxc5 22. Rxc5 Nf4 23. g3 Ng6 24. Kg2 h6 25. Rac1 Kh7 26. Ne5 Ne7 27.
Rc7 Nd5 28. Bxd5 Rxd5 29. Nxf7 Rd2 30. Rf1 Bxf7 31. Rxf7 Rxb2 32. Rxa7 Ra2 33.
a4 Kg6 34. a5 Kh7 35. a6 Ra5 36. Ra8 Kg6 37. a7 Kh7 38. Rb1 Ra2 39. Rb7 Ra3 40.
Rc8 h5 41. a8=Q h4 42. Rh8+ Kg6 43. Rb6+ Kf5 44. Qf3+ Ke5 45. Rh5+ Kd4 46. Rb4# 1-0

[Event "ch-FRA Blitz Online Qual"]
[Site "Europe-Chess INT"]
[Date "2020.05.16"]
[Round "4"]
[White "Goyer, Lionel"]
[Black "Nezosi, Constantin"]
[Result "0-1"]
[WhiteElo "1782"]
[BlackElo "1458"]
[WhiteFideId "20628706"]
[BlackFideId "36066974"]
[EventDate "2020.05.16"]

1. d4 d5 2. Nf3 Nc6 3. Bg5 h6 4. Bh4 Bg4 5. e3 Nf6 6. Be2 e6 7. h3 Bxf3 8. Bxf3
Be7 9. O-O O-O 10. Nd2 Nd7 11. Bg3 Bh4 12. Bh2 Nb6 13. b3 f5 14. c4 dxc4 15.
Nxc4 Nxc4 16. bxc4 Bg5 17. Rb1 Rb8 18. Qa4 Qd7 19. Rxb7 Rxb7 20. Bxc6 Qc8 21.
Bxb7 Qxb7 22. Qd7 f4 23. Qxe6+ Kh8 24. e4 f3 25. g4 Qb2 26. d5 Bh4 27. Be5 Bxf2+
28. Rxf2 Qc1+ 29. Rf1 Qd2 30. Bxg7+ Kxg7 31. Qe7+ Kg8 32. Qe6+ Kg7 33. Qe5+ Kg8
34. Qg3 f2+ 35. Rxf2 Qe1+ 36. Kg2 Qxe4+ 37. Kh2 Rxf2+ 38. Qxf2 Qxc4 39. Qd2 Kf7
40. Kg3 Kg6 41. h4 Kg7 42. Kh3 Kh7 0-1

[Event "ch-FRA Blitz Online Qual"]
[Site "Europe-Chess INT"]
[Date "2020.05.16"]
[Round "4"]
[White "Pothieux, Philippe"]
[Black "Hilton, Marc"]
[Result "0-1"]
[WhiteElo "1796"]
[BlackElo "1546"]
[WhiteFideId "20606036"]
[BlackFideId "36086983"]
[EventDate "2020.05.16"]

1. d4 Nf6 2. c4 d6 3. Nc3 g6 4. Nf3 Bg7 5. e3 O-O 6. Be2 c5 7. dxc5 dxc5 8. Qc2
Nc6 9. a3 Bf5 10. Qb3 Qc7 11. O-O a6 12. Bd2 Rfd8 13. Rfd1 Ne4 14. Nxe4 Bxe4 15.
Bc3 Na5 16. Bxa5 Qxa5 17. Ng5 Bc6 18. Bf3 Bxf3 19. Nxf3 Qc7 20. Qc2 Rd6 21. Rxd6
Qxd6 22. Rd1 Qc7 23. b3 Rd8 24. h3 Rxd1+ 25. Qxd1 Qa5 26. a4 Qc7 27. Qd5 e6 28.
Qd3 Kf8 29. Nd2 Ke7 30. Ne4 b6 31. Ng5 h5 32. Nf3 Qd6 33. Qxd6+ Kxd6 34. Kf1 e5
35. Ke2 e4 36. Ng5 f5 37. f4 Ke7 38. Kf2 Kf6 39. h4 Ke7 40. Nh3 Bf6 41. g3 Bc3
42. Ke2 Bb4 43. Nf2 Kd6 44. Nd1 Kc6 45. Nf2 b5 46. axb5+ axb5 47. Nh3 bxc4 48.
bxc4 Kd7 49. Ng5 Ke7 50. Nh7 Kf7 51. Ng5+ Kf6 52. Kd1 Bc3 53. Nh7+ Kg7 54. Ng5
Kf6 55. Nh3 Bb4 56. Nf2 Ba3 57. Kc2 Bb4 58. Kd1 Ba3 59. Ke2 Bb4 60. Nd1 Ba3 61.
Nc3 Bb4 62. Nd5+ Ke6 63. Nc7+ Kd6 64. Ne8+ Ke7 65. Nc7 Kd7 66. Nd5 Ke6 67. Kd1
Kf7 68. Nc7 Ke7 69. Nd5+ Ke6 70. Nxb4 cxb4 71. Kc2 Kd6 72. Kb3 Kc5 73. Kc2 Kxc4
74. Kb1 Kb3 75. Kc1 Ka2 76. Kc2 b3+ 77. Kc3 b2 78. Kd4 b1=Q 79. Ke5 Qb5+ 80. Ke6
Qc6+ 81. Kf7 Qd6 82. Kg7 Kb3 83. Kh6 Kc4 84. g4 hxg4 85. h5 gxh5+ 86. Kxh5 Kd3
87. Kg5 Kxe3 88. Kh4 g3 89. Kxg3 Qxf4+ 90. Kg2 Ke2 91. Kg1 Qg4+ 92. Kh1 Kf2 93.
Kh2 Qg2# 0-1

[Event "ch-FRA Blitz Online Qual"]
[Site "Europe-Chess INT"]
[Date "2020.05.16"]
[Round "4"]
[White "Janon, Nicolas"]
[Black "LHeritier, Boris"]
[Result "1-0"]
[WhiteElo "1392"]
[BlackElo "1763"]
[WhiteFideId "36039136"]
[BlackFideId "26033003"]
[EventDate "2020.05.16"]

1. e4 g6 2. Nf3 Bg7 3. d4 c6 4. Nc3 d5 5. Be3 Bg4 6. exd5 cxd5 7. h3 Bxf3 8.
Qxf3 e6 9. Bd3 Ne7 10. O-O-O O-O 11. h4 Nbc6 12. Ne2 Qb6 13. c3 Rac8 14. Kb1 Na5
15. Bc1 Nc4 16. Bxc4 Rxc4 17. b3 Rcc8 18. h5 a5 19. Rd2 Nf5 20. Rb2 Qc6 21. g4
Nd6 22. Qg2 Ne4 23. f3 Nxc3+ 24. Nxc3 Qxc3 25. Rc2 Qa1+ 26. Kxa1 Bxd4+ 27. Kb1
Bc3 28. Qe2 d4 29. Qd3 Rc6 30. Bd2 Rfc8 31. Bxc3 dxc3 32. Rhc1 1-0

[Event "ch-FRA Blitz Online Qual"]
[Site "Europe-Chess INT"]
[Date "2020.05.16"]
[Round "4"]
[White "Benlatreche, Farid"]
[Black "Schrefheere, Anthime"]
[Result "0-1"]
[WhiteElo "1416"]
[BlackElo "1750"]
[WhiteFideId "551081474"]
[BlackFideId "657646"]
[EventDate "2020.05.16"]

1. d4 Nf6 2. f4 g6 3. e3 Bg7 4. c3 d5 5. Nf3 Nbd7 6. Bd3 Ne4 7. O-O Ndf6 8. Ne5
O-O 9. Nd2 Bf5 10. Ndf3 Nd7 11. Nxd7 Qxd7 12. Ne5 Qe6 13. g4 Bxe5 14. gxf5 gxf5
15. fxe5 Kh8 16. Bxe4 fxe4 17. Bd2 Rg8+ 18. Kh1 Rg6 19. Rg1 Rag8 20. Rxg6 Rxg6
21. Qh5 Qb6 22. b3 Qa6 23. Rg1 Qxa2 24. Qd1 Qa6 25. Rxg6 Qxg6 26. Qg1 Qb6 27. b4
a5 28. bxa5 Qxa5 29. Qe1 Qa2 30. Qf2 Qb1+ 31. Kg2 Kg7 32. Be1 Qd1 33. Qg3+ Kf8
34. Bf2 Qc1 35. Qf4 Qxc3 36. e6 f6 37. Bh4 Qd2+ 38. Kh3 Qd1 39. Qh6+ Ke8 40.
Qxh7 Qf3+ 41. Bg3 Qf1+ 42. Kg4 Qe2+ 43. Kf4 Qf3# 0-1

[Event "ch-FRA Blitz Online Qual"]
[Site "Europe-Chess INT"]
[Date "2020.05.16"]
[Round "4"]
[White "Le Cainec, Erwan"]
[Black "Gordon, Louis"]
[Result "0-1"]
[WhiteElo "1052"]
[BlackElo "1758"]
[WhiteFideId "36089583"]
[BlackFideId "45186162"]
[EventDate "2020.05.16"]

1. d4 Nf6 2. c4 e6 3. Nc3 Bb4 4. Bg5 h6 5. Bh4 O-O 6. Nf3 c5 7. e3 Qa5 8. Be2
Bxc3+ 9. bxc3 Qxc3+ 10. Nd2 Ne4 11. O-O Qxd2 12. Qxd2 Nxd2 13. Rfd1 Ne4 14. d5
g5 15. Bg3 Nxg3 16. hxg3 exd5 17. cxd5 d6 18. Rab1 a6 19. Bh5 b5 20. f4 Bb7 21.
fxg5 hxg5 22. Bg4 f5 23. Bh5 Nd7 24. g4 Nf6 25. Bg6 fxg4 26. Re1 Bxd5 27. e4 Be6
28. Bf5 Bxf5 29. exf5 Rfe8 30. Rf1 Re2 31. a3 Rae8 32. g3 Kf7 33. Rbd1 d5 34.
Rf2 R2e3 35. Rff1 Rxg3+ 36. Kf2 Ne4+ 37. Ke2 Nc3+ 38. Kd2 Nxd1 39. Kxd1 d4 40.
Rh1 Rg2 41. Rh7+ Kf6 42. Rh6+ Kxf5 43. Rxa6 Rh8 44. Ke1 Rh1# 0-1

[Event "ch-FRA Blitz Online Qual"]
[Site "Europe-Chess INT"]
[Date "2020.05.16"]
[Round "4"]
[White "Pernoud, Claire"]
[Black "Herbin, Alexandre"]
[Result "0-1"]
[WhiteElo "1428"]
[BlackElo "1869"]
[WhiteFideId "663018"]
[BlackFideId "36047783"]
[EventDate "2020.05.16"]

1. e4 c5 2. Nc3 Nc6 3. g3 g6 4. Bg2 Bg7 5. Nge2 d6 6. O-O Bg4 7. d3 Nd4 8. f3
Bd7 9. Be3 Rb8 10. Nxd4 cxd4 11. Bxd4 Bxd4+ 12. Kh1 Rc8 13. Ne2 Bg7 14. c3 Bc6
15. d4 Nf6 16. d5 Bb5 17. Re1 Bxe2 18. Qxe2 O-O 19. Rac1 Nd7 20. c4 Qb6 21. b3
a5 22. f4 Nc5 23. e5 a4 24. e6 f5 25. Qc2 axb3 26. axb3 Qxb3 27. Qxb3 Nxb3 28.
Rb1 Nc5 29. h3 Ra8 30. g4 fxg4 31. hxg4 Rxf4 32. Kh2 Rxc4 33. Kh3 Ra3+ 34. Kh2
Rc2 35. Rf1 Raa2 36. Rg1 Bd4 37. Rbf1 Bxg1+ 38. Rxg1 Rxg2+ 39. Rxg2 Rxg2+ 40.
Kxg2 b5 41. Kf3 b4 42. Ke2 b3 43. Kd2 Kg7 44. Kc3 Kf6 45. Kb2 Kg5 0-1

[Event "ch-FRA Blitz Online Qual"]
[Site "Europe-Chess INT"]
[Date "2020.05.16"]
[Round "4"]
[White "Le Bail, Stephane"]
[Black "Sabapathee, Florian"]
[Result "0-1"]
[WhiteElo "1746"]
[BlackElo "1444"]
[WhiteFideId "655368"]
[BlackFideId "45195951"]
[EventDate "2020.05.16"]

1. d4 Nf6 2. Bf4 d5 3. e3 Bf5 4. Bd3 Bxd3 5. Qxd3 e6 6. Nf3 c5 7. c3 Nc6 8. O-O
Be7 9. Nbd2 O-O 10. dxc5 Bxc5 11. b4 Bb6 12. a4 Nh5 13. Bg5 f6 14. Bh4 e5 15. a5
Bc7 16. Qc2 Qd6 17. Bg3 Nxg3 18. hxg3 Rae8 19. Nb3 b6 20. axb6 axb6 21. Nh4 e4
22. Nf5 Qe5 23. Nbd4 Nxd4 24. Nxd4 Qh5 25. Qe2 Qxe2 26. Nxe2 Be5 27. Nd4 Rc8 28.
Rfc1 Rc4 29. Nb5 Rfc8 30. Ra3 Rxb4 31. cxb4 Rxc1+ 32. Kh2 Rb1 33. Ra4 Rb2 34.
Na7 Rxf2 35. Nc6 Re2 36. Ra8+ Kf7 37. Ra7+ Kg6 38. Ne7+ Kh6 39. Nf5+ Kg6 40.
Nh4+ Kh5 41. Rxg7 Rxe3 42. Rxh7+ Kg4 43. Rg7+ Kh5 44. Nf5 Rb3 45. Kh3 Rxb4 46.
Rh7+ Kg6 47. Rh6+ Kxf5 48. g4+ Ke6 49. g5 e3 50. g6 e2 51. g7 Rb3+ 52. Kh4 Rg3 0-1

[Event "ch-FRA Blitz Online Qual"]
[Site "Europe-Chess INT"]
[Date "2020.05.16"]
[Round "4"]
[White "Flores, Victor"]
[Black "Assouane, Aksel"]
[Result "1-0"]
[WhiteElo "1741"]
[BlackElo "1238"]
[WhiteFideId "45133492"]
[BlackFideId "45154708"]
[EventDate "2020.05.16"]

1. e4 e5 2. Nf3 Nc6 3. Bb5 d6 4. c3 Bd7 5. d4 a6 6. Bxc6 Bxc6 7. dxe5 dxe5 8.
Nbd2 Bd6 9. Qc2 Ne7 10. O-O O-O 11. Rd1 Ng6 12. Nc4 Qe7 13. Nxd6 cxd6 14. Be3
Nf4 15. Bxf4 exf4 16. Nd2 Qg5 17. f3 Rfd8 18. c4 Rac8 19. Qb3 b5 20. Rac1 h6 21.
Kh1 Rb8 22. Qc3 Rbc8 23. Qa5 bxc4 24. Nxc4 Bb5 25. Nxd6 Rxd6 26. Rxc8+ Kh7 27.
Rxd6 Qe5 28. Rd2 Qe6 29. Rc1 Qg6 30. a4 Be8 31. Qf5 Qxf5 32. exf5 Bxa4 33. Ra1
Bb5 34. Rd4 g5 35. fxg6+ fxg6 36. Rxf4 Kg7 37. h4 g5 38. Rg4 Kf6 39. hxg5+ hxg5
40. f4 gxf4 41. Rxf4+ Ke5 42. Rh4 Kf5 43. Rh5+ Kg6 44. Rxb5 axb5 45. Ra5 Kf5 46.
Rxb5+ Kf4 47. Rc5 Ke3 1-0

[Event "ch-FRA Blitz Online Qual"]
[Site "Europe-Chess INT"]
[Date "2020.05.16"]
[Round "4"]
[White "Zanin, Clement"]
[Black "Levy, Kevin"]
[Result "0-1"]
[WhiteElo "1327"]
[BlackElo "1740"]
[WhiteFideId "36066869"]
[BlackFideId "45128588"]
[EventDate "2020.05.16"]

1. e4 Nf6 2. Nc3 d5 3. exd5 Nxd5 4. Nxd5 Qxd5 5. d4 Nc6 6. Nf3 Bg4 7. Be2 O-O-O
8. h3 Bh5 9. O-O f6 10. Bf4 g5 11. Bg3 g4 12. hxg4 Bxg4 13. Nd2 Bxe2 14. Qxe2 h5
15. c4 Qxd4 16. Qe6+ Kb8 17. Nf3 Qd7 18. Qe4 Qg4 19. Qxg4 hxg4 20. Nh2 f5 21. f3
Bh6 22. fxg4 Be3+ 23. Bf2 Bxf2+ 24. Rxf2 fxg4 25. Nxg4 Rhg8 26. Ne3 a6 27. Nd5
e6 28. Nf4 e5 29. Ne2 Rd2 30. Raf1 Rxb2 31. Nc3 Rxf2 32. Rxf2 Rg4 33. c5 Rc4 34.
Ne2 Rxc5 35. Rf5 Rc2 36. Ng3 Rxa2 37. Rf8+ Ka7 38. Ne4 Ra4 39. Nc5 Rc4 40. Nd7
a5 41. Re8 a4 42. Nxe5 Nxe5 43. Rxe5 Ka6 44. Re1 b5 45. Ra1 Ka5 46. Kf2 b4 47.
Ke3 b3 48. Kd3 Rg4 49. Kc3 Rxg2 50. Rb1 Rg3+ 51. Kb2 Kb4 52. Ra1 Rg2+ 53. Kb1
Rg1+ 54. Kb2 Rxa1 55. Kxa1 a3 56. Kb1 c5 57. Ka1 c4 58. Kb1 c3 59. Ka1 b2+ 60.
Kb1 Kc4 61. Ka2 c2 62. Kxa3 c1=Q 63. Ka2 b1=Q# 0-1

[Event "ch-FRA Blitz Online Qual"]
[Site "Europe-Chess INT"]
[Date "2020.05.16"]
[Round "4"]
[White "Sayah-Hobon, Noah"]
[Black "Billot, Daniel"]
[Result "1-0"]
[WhiteElo "1364"]
[BlackElo "1679"]
[WhiteFideId "551015609"]
[BlackFideId "618004"]
[EventDate "2020.05.16"]

1. e4 d5 2. exd5 Qxd5 3. Nc3 Qd8 4. d4 Nf6 5. Bf4 c6 6. Qd2 e6 7. O-O-O Bb4 8.
a3 Bxc3 9. Qxc3 O-O 10. Be5 Nd5 11. Qg3 f6 12. Bxb8 e5 13. dxe5 Rxb8 14. exf6
Bf5 15. Qxg7# 1-0

[Event "ch-FRA Blitz Online Qual"]
[Site "Europe-Chess INT"]
[Date "2020.05.16"]
[Round "4"]
[White "Berger, Justin"]
[Black "Thibous, Leo"]
[Result "0-1"]
[WhiteElo "1735"]
[BlackElo "1380"]
[WhiteFideId "45115095"]
[BlackFideId "45136084"]
[EventDate "2020.05.16"]

1. e4 e5 2. Nf3 Nf6 3. Nxe5 d6 4. Nf3 Nxe4 5. d3 Nf6 6. d4 Be7 7. Bd3 O-O 8. O-O
Nc6 9. Re1 Be6 10. c4 d5 11. c5 Bg4 12. Be3 b6 13. Bb5 Na5 14. b4 Nb7 15. h3 a6
16. Ba4 b5 17. Bc2 c6 18. hxg4 Nxg4 19. Bf4 Bh4 20. Nxh4 Qxh4 21. Bg3 Qh5 22.
Re5 f5 23. Qf3 g6 24. Re1 Nd8 25. Nd2 Nf7 26. Nf1 Ng5 27. Qc3 f4 28. Bh2 f3 29.
Bd6 fxg2 30. Nh2 Rxf2 31. Bd1 Nf3+ 32. Bxf3 Rxf3 33. Qxf3 Nxh2 34. Bxh2 Qxf3 35.
Bd6 h5 36. Re6 Kh7 37. Rae1 Kh6 38. R6e3 Qg4 39. Be5 Rf8 40. Rg3 Qh4 41. Kxg2
Rf5 42. Bd6 Qxd4 0-1